00345nam a2200121Ia 4500008004100000082002000041100001900061245002200080260003000102300000900132630001800141650006400159211122s9999||||xx |||||||||||||| ||und|| a894.8123bPRA-T aPrabhakaran, N 0aTheeyoor Rekhakal bD c BooksaKottayamc2000 a212p xGeneral Stack aMalayalam LiteraturevMalayalam Fiction LiteratureMalayalam